Statistics for Movie Decoder #2

Click here to take the quiz!

General Stats

  • This quiz has been taken 141 times
  • The average score is 12 of 23

Answer Stats

ClueAnswer% Correct
I"____________ Day", aliens invade Earth in this 1996 movieIndependence
89%
HHalf-giant and half-human groundskeeper at Hogwarts School of Witchcraft and WizardryHagrid, Rubeus
77%
ASeventh-born daughter of King Triton, and Disney's first nonhuman princess
Ariel
74%
S2001 animation with Mike Myers providing the voice of the titular characterShrek
73%
T1988 buddy comedy with Danny DeVito and Arnold SchwarzeneggerTwins
68%
NRomantic drama starring Ryan Gosling and Rachel McAdamsNotebook, the
65%
GAn ice-hockey player tries his hand at this sport in "Happy Gilmore"Golf
64%
ABritish actress who starred as Mary Poppins and Maria von TrappAndrews, Julie
63%
HActor who was told to 'Use the force'Hamill, Mark
63%
AActress who appeared in "Marley & Me" and "Horrible Bosses"Aniston, Jennifer
62%
EWall-E's companion for most of Pixar's animated movieEVE
61%
L1986 fantasy film starring David BowieLabyrinth
60%
LActress known for her roles in "Charlie's Angels" and "Kill Bill: Volume 1"Liu, Lucy
60%
VAction star known as 'The muscles from Brussels'Van Damme, Jean-Claude
54%
SActress who starred in her two biggest roles with green and blue skin respectivelySaldana, Zoe
53%
I"____ of Dogs", 2018 stop-motion film about a boys search for his lost petIsle
49%
E2010 action film starring Jason Statham, Jet Li, Terry Crews among othersExpendables, the
42%
V"The _______", 2004 psychological horror film from M. Night ShyamalanVillage
39%
"I'll have what she's having."
38%
When Harry Met Sally
32%
H"I Heart _________", comedy film directed by David RussellHuckabees
26%
WCary Elwes' character in "The Princess Bride"Westley
25%
HDirector of the very first "Godzilla" movie in 1954Honda, Ishirō
11%

Score Distribution

Percentile by Number Answered

Percent of People with Each Score

Your Score History

You have not taken this quiz